00456nam a2200157Ia 4500003000900000008004100009040001600050080001500066100002700081245007100108260003900179300001500218650001400233650004100247650001000288IN-BaIIA211028s9999 xx 000 0 eng d cIIA Library a524.3bALL aAllen, Richard Hinckle 0aStar namesbtheir lore and meaningcRichard Hinckle Allen  aNew YorkbDover Publicationsc1963 axiv, 563p. aAstronomy aAstronomy and astrophysics thesaurus aStars